Guess the Arctic Monkeys song from the AM album by the first line - Statistics

General Stats
  • This quiz has been taken 35 times
  • The average score is 9 of 12
Answer Stats
Hint Answer % Correct
Arabella's got some interstellar gator skin boots Arabella
100%
I wanna be your vacuum cleaner I Wanna Be Yours
91%
Have you got colour in your cheeks? Do I Wanna Know
87%
Mad sounds in your ears make you feel alright Mad sounds
87%
You got the lights on in the afternoon Knee Socks
78%
So you're on the prowl wondering whether she left already or not No.1 Party Anthem
78%
I'm a puppet on a string R U Mine
78%
I can't explain but I want to try Fireside
74%
The mirror's image tells me it's home time Why'd You Only Call Me When You're High
74%
What's been happening in your world? Snap Out Of It
70%
From the bottom of your heart One For The Road
61%
Blind faith, heartache, mind games, mistakes I Want It All
52%
No matching quizzes found
Score Distribution
Percent of People with Each Score
Percentile by Number Answered
Your Score History
You have not taken this quiz